Tony Winners: Best Musical (Multiple Choice) Quiz Stats

 Plays Quiz Updated Aug 30, 2017

Challenge
Share
Tweet
Embed
Score 0/63 Timer 10:00
1 Play Today
Question Answer Wrong Answers
1956 Damn Yankees
88.1%
Pipe Dream
11.4%
1957 My Fair Lady
84.1%
Bells Are Ringing
5.2%
Candide
4.8%
The Most Happy Fella
4.5%
1965 Fiddler on the Roof
82.8%
Golden Boy
1.7%
Half a Sixpence
2.6%
Oh, What a Lovely War!
2.6%
1983 Cats
81%
Blues in the Night
1.4%
Merlin
1.9%
My One and Only
1.9%
1967 Cabaret
80.9%
I Do! I Do!
4.1%
The Apple Tree
2.4%
Walking Happy
1.7%
1961 Bye Bye Birdie
77.7%
Do Re Mi
7%
Irma La Douce
7.9%
2003 Hairspray
76.8%
Amour
1%
A Year With Frog and Toad
1.3%
Movin' Out
6%
1996 Rent
76.7%
Bring in 'da Noise, Bring in 'da Funk
5.5%
Chronice of Death Foretold
1%
Swinging on a Star
2.1%
1987 Les Misérables
76.2%
Me and My Girl
1.9%
Rags
1.3%
Starlight Express
6.3%
1980 Evita
75.8%
A Day in Hollywood / A Night in the Ukraine
3.3%
Barnum
4%
Sugar Babies
3.4%
1977 Annie
75.5%
Happy End
1.3%
I Love My Wife
1.9%
Side by Side by Sondheim
8%
1981 42nd Street
73.7%
Sophisticated Ladies
4.3%
Tintypes
1%
Woman of the Year
7.3%
2011 The Book of Mormon
72.9%
Catch Me If You Can
4.4%
The Scottsboro Boys
1.4%
Sister Act
6.3%
2016 Hamilton
72.5%
Bright Star
1%
School of Rock
8.4%
Waitress
3.2%
1988 The Phantom of the Opera
72%
Into the Woods
12.2%
Romance/Romance
0.5%
Sarafina!
1%
1998 The Lion King
70.7%
The Scarlet Pimpernel
2.2%
Ragtime
11.3%
Side Show
1%
1995 Sunset Boulevard
69.6%
Smokey Joe's Cafe
15.5%
1975 The Wiz
67.8%
Mack & Mabel
7.6%
The Lieutenant
3.6%
Shenandoah
8%
1971 Company
65.6%
The Me Nobody Knows
12.3%
The Rothschilds
9.9%
1964 Hello, Dolly!
64.6%
Funny Girl
21.4%
High Spirits
1.4%
She Loves Me
2.7%
2013 Kinky Boots
64.1%
Bring It On the Musical
3.2%
A Christmas Story: The Musical
3.9%
Matilda the Musical
13.8%
1962 How to Succeed in Business Without Really Trying
63.1%
Carnival!
21%
Milk and Honey
4.1%
No Strings
3.3%
1978 Ain't Misbehavin'
62.8%
Dancin'
5.8%
On the Twentieth Century
9.3%
Runaways
8.8%
2001 The Producers
60.3%
Class Act
1.7%
The Full Monty
19.4%
Jane Eyre
3.8%
1997 Titanic
59.7%
Juan Darien
3.7%
Steel Pier
9.8%
The Life
12%
1979 Sweeney Todd
59%
Ballroom
1.3%
Best Little Whorehouse in Texas
23.4%
They're Playing Our Song
2.8%
2008 In the Heights
58.9%
Cry-Baby
7.6%
Passing Strange
2.8%
Xanadu
15.7%
2006 Jersey Boys
57.9%
The Color Purple
17.8%
The Drowsy Chaperone
5.8%
The Wedding Singer
3.6%
1970 Applause
54.5%
Coco
24.3%
Purlie
9.3%
1976 A Chorus Line
54.2%
Bubbling Brown Sugar
1%
Chicago
30.2%
Pacific Overtures
1.4%
2017 Dear Evan Hansen
52.9%
Come From Away
10.8%
Groundhog Day
12.5%
Natasha, Pierre & The Great Comet of 1812
8.8%
1989 Jerome Robbins' Broadway
51.3%
Black and Blue
21.9%
Starmites
12.4%
2005 Monty Python's Spamalot
51%
The Light in the Piazza
6.9%
Dirty Rotten Scoundrels
9.5%
The 25th Annual Putnam County Spelling Bee
17.7%
1966 Man of La Mancha
49%
Mame
18.4%
Skyscraper
2.3%
Sweet Charity
19.6%
2009 Billy Elliot the Musical
48.8%
Next to Normal
12.3%
Rock of Ages
15.5%
Shrek the Musical
8.4%
1985 Big River
48.6%
Grind
8.7%
Leader of the Pack
20.9%
Quilters
7.6%
1984 La Cage aux Folles
48.5%
Baby
4.3%
Sunday in the Park with George
29.9%
The Tap Dance Kid
3.3%
2007 Spring Awakening
47.7%
Curtains
3.1%
Grey Gardens
6.4%
Mary Poppins
27.8%
1999 Fosse
47%
The Civil War
6.5%
It Ain't Nothin' But the Blues
11.7%
Parade
19.9%
1986 The Mystery of Edwin Drood
46.9%
Big Deal
7%
Song and Dance
20.2%
Tango Argentino
11.5%
1993 Kiss of the Spider Woman
46.9%
Blood Brothers
12.3%
The Goodbye Girl
12.3%
The Who's Tommy
13.8%
1968 Hallelujah, Baby!
42.3%
The Happy Time
27.1%
How Now, Dow Jones
12%
Illya Darling
7.2%
2018 The Band's Visit
41.8%
Spongebob Squarepants: The Musical
6.5%
Mean Girls
13.8%
Frozen
19.1%
1963 A Funny Thing Happened on the Way to the Forum
40.6%
Little Me
1.6%
Oliver!
45.1%
Stop the World - I Want to Get Off
3.5%
1974 Raisin
39.6%
Over Here!
29.8%
Seesaw
17.7%
2012 Once
39%
Leap of Faith
5.5%
Newsies
34.9%
Nice Work If You Can Get It
5.6%
1973 A Little Night Music
38.6%
Don't Bother Me, I Can't Cope
2.4%
Pippin
42%
Sugar
4.4%
2004 Avenue Q
38.4%
The Boy From Oz
3.1%
Caroline, or Change
1%
Wicked
42.7%
2010 Memphis
38.2%
American Idiot
32.5%
Fela!
4.2%
Million Dollar Quartet
10.1%
1958 The Music Man
37.7%
West Side Story
54.2%
New Girl In Town
2.8%
Oh, Captain!
3.1%
1960 The Sound of Music AND Fiorello!
36.8%
Gypsy
45.6%
Once Upon a Mattress
8.9%
Take Me Along
2.7%
1992 Crazy For You
36.6%
Falsettos
22%
Five Guys Named Moe
15.4%
Jelly's Last Jam
11.3%
2015 Fun Home
33%
An American in Paris
30.6%
Something Rotten!
17.4%
The Visit
3.8%
1990 City of Angels
32.6%
Aspects of Love
9.8%
Grand Hotel
16%
Meet Me in St. Louis
27.2%
2002 Thoroughly Modern Millie
29.4%
Mamma Mia!
43.8%
The Sweet Smell of Success
2%
Urinetown
10%
2014 A Gentleman's Guide to Love and Murder
29.3%
After Midnight
5.3%
Aladdin
23.7%
Beautiful: The Carole King Musical
26.7%
1969 1776
28.2%
Hair
48.3%
Promises, Promises
6.7%
Zorba
5.3%
1959 Redhead
25.4%
Flower Drum Song
52.4%
La Plume de Ma Tante
17.9%
2000 Contact
23.7%
James Joyce's The Dead
6.5%
Swing!
41.8%
The Wild Party
13.1%
1972 Two Gentlemen of Verona
16.4%
Ain't Supposed to Die a Natural Death
1.9%
Follies
20.3%
Grease
49.2%
1994 Passion
16.3%
A Grand Night For Singing
2.2%
Beauty and the Beast
61.8%
Cyrano: The Musical
5%
1982 Nine
15.5%
Dreamgirls
29.4%
Joseph and the Amazing Technicolor Dreamcoat
39.7%
Pump Boys and Dinettes
1.7%
1991 The Will Rogers Follies
13%
Miss Saigon
59.9%
Once On This Island
3.5%
The Secret Garden
9%

You're not logged in!

Compare scores with friends on all Sporcle quizzes.
OR
Log In

You Might Also Like...

Show Comments

Extras

Top Quizzes Today


Score Distribution

Your Account Isn't Verified!

In order to create a playlist on Sporcle, you need to verify the email address you used during registration. Go to your Sporcle Settings to finish the process.

Report this User

Report this user for behavior that violates our Community Guidelines.

Details: